000 00580nam a2200241Ia 4500
003 OSt
005 20221005125517.0
006 a|||||r|||| 00| 0
007 ta
008 221004b |||||||| |||| 00| 0 eng d
024 _a61620
037 _cTextual
040 _aCRL
_cCRL
_beng
041 _2eng
_aeng
082 _aR67, M3
100 _aBhatt S R
245 0 _aPhiloslphy of Pancharatna (advaitic approach)
260 _c1983
300 _avp
_ccm.
650 _aPHILOSOPHY
942 _hR67, M3
_cTEXL
_2cc
999 _c1054241
_d1054241